000 00293nam a2200145Ia 4500
100 _aCIMI
650 _aFitter
942 _cBK
654 _afitter
245 _aFitter-Second year Assignment test
260 _bCIMI
_aChennai
082 _a621.9
_bCIM
300 _a65
546 _aENGLISH
999 _c31111
_d31111